000 00297nam a2200121Ia 4500
008 240731s9999 xx 000 0 und d
022 _a1466-4461
245 0 _aJournal of Risk Research
260 _bRoutledge
856 _uhttps://www.tandfonline.com/loi/rjrr20
942 _2ddc
942 _cTFEJ
999 _c78145
_d78145
945 _a1
_bMadushi Gamage
_c1
_dMadushi Gamage